Cities Whose Clubs Have Won Champions League/European Cup More Than Once - Statistics

General Stats
  • This quiz has been taken 45 times
  • The average score is 9 of 11
Answer Stats
Wins Answer % Correct
5 Barcelona
100%
12 Madrid
98%
10 Milan
98%
3 Manchester
95%
5 Munich
90%
5 Liverpool
88%
4 Amsterdam
86%
2 Lisbon
81%
2 Turin
81%
2 Porto
71%
2 Nottingham
60%
No matching quizzes found
Score Distribution
Percent of People with Each Score
Percentile by Number Answered
Your Score History
You have not taken this quiz